[Event "IND-chT IIT 57th"]
[Site "Indore"]
[Date "2024.12.16"]
[Round "7.2"]
[White "Soham, Sameer Palkar"]
[Black "Prakul, Balaji"]
[Result "1-0"]
[WhiteElo "1728"]
[BlackElo "1512"]
[PlyCount "97"]
[EventDate "2024.12.10"]
[EventType "team-swiss"]
[EventRounds "7"]
[EventCountry "IND"]
[SourceTitle "CB04_2025"]
[SourceDate "2025.01.22"]
[SourceVersion "1"]
[SourceVersionDate "2025.01.22"]
[SourceQuality "1"]
[WhiteTeam "Delhi"]
[BlackTeam "Roorkee"]
[WhiteTeamCountry "IND"]
[BlackTeamCountry "IND"]

1. e4 e5 2. Nf3 Nc6 3. Bb5 a6 4. Ba4 Nf6 5. d3 d6 6. c3 g6 7. 0-0 Bg7 8. Re1 0-0 9. Nbd2 b5 10. Bb3 a5 11. a4 b4 12. Nf1 h6 13. Ng3 Bd7 14. h3 Rb8 15. Be3 Be6 16. Bxe6 fxe6 17. d4 bxc3 18. bxc3 exd4 19. Nxd4 Nxd4 20. cxd4 Kh7 21. Qc2 Qd7 22. Ne2 Rfc8 23. Red1 Rb7 24. Nf4 Qe8 25. Rab1 Rcb8 26. Rxb7 Rxb7 27. Bd2 e5 28. dxe5 Qxe5 29. f3 Rb2 30. Qc3 Qxc3 31. Bxc3 Ra2 32. Bxa5 Rxa4 33. Bxc7 Ne8 34. Bb6 Rb4 35. Be3 Ra4 36. Ne6 Bf6 37. Bd4 Bxd4+ 38. Rxd4 Ra2 39. Rb4 Ra7 40. Rb8 Re7 41. Nf4 Kg7 42. Nd5 Re6 43. Rb7+ Kg8 44. Kf2 g5 45. Ke3 Kf8 46. Kd4 h5 47. Ne3 Ng7 48. Kd5 Ke8 49. Rxg7 1-0

[Event "IND-chT IIT 57th"]
[Site "Indore"]
[Date "2024.12.15"]
[Round "6.2"]
[White "Abhiram Pramod, K."]
[Black "Soham, Sameer Palkar"]
[Result "1/2-1/2"]
[WhiteElo "1829"]
[BlackElo "1728"]
[PlyCount "68"]
[EventDate "2024.12.10"]
[EventType "team-swiss"]
[EventRounds "7"]
[EventCountry "IND"]
[SourceTitle "CB04_2025"]
[SourceDate "2025.01.22"]
[SourceVersion "1"]
[SourceVersionDate "2025.01.22"]
[SourceQuality "1"]
[WhiteTeam "Madras"]
[BlackTeam "Delhi"]
[WhiteTeamCountry "IND"]
[BlackTeamCountry "IND"]

1. e4 e5 2. Nf3 Nc6 3. Bb5 a6 4. Ba4 d6 5. 0-0 Nf6 6. Re1 b5 7. Bb3 Be7 8. c3 Bg4 9. h3 Bh5 10. d3 0-0 11. Nbd2 Na5 12. Bc2 c5 13. Nf1 Qc7 14. Ng3 Bg6 15. Nh4 Rfe8 16. Nhf5 h6 17. Qf3 Rad8 18. h4 d5 19. h5 Bh7 20. exd5 Rxd5 21. Ne4 Nxe4 22. dxe4 Bxf5 23. exf5 Qd8 24. Be4 Rd6 25. b3 Bg5 26. Bxg5 Qxg5 27. Rad1 Red8 28. Rxd6 Rxd6 29. Bd5 Qf6 30. c4 bxc4 31. bxc4 Nc6 32. Qe3 Qxf5 33. Qxc5 Qd7 34. Rb1 Rf6 1/2-1/2

[Event "IND-chT IIT 57th"]
[Site "Indore"]
[Date "2024.12.14"]
[Round "5.3"]
[White "Chandratreya, Prachiti"]
[Black "Soham, Sameer Palkar"]
[Result "1/2-1/2"]
[WhiteElo "1999"]
[BlackElo "1728"]
[PlyCount "88"]
[EventDate "2024.12.10"]
[EventType "team-swiss"]
[EventRounds "7"]
[EventCountry "IND"]
[SourceTitle "CB04_2025"]
[SourceDate "2025.01.22"]
[SourceVersion "1"]
[SourceVersionDate "2025.01.22"]
[SourceQuality "1"]
[WhiteTeam "Jodhpur"]
[BlackTeam "Delhi"]
[WhiteTeamCountry "IND"]
[BlackTeamCountry "IND"]

1. e4 c5 2. c3 Nf6 3. e5 Nd5 4. Nf3 d6 5. Bc4 Nb6 6. Bb3 c4 7. Bc2 dxe5 8. Nxe5 Qd5 9. Qe2 f6 10. Nf3 Qe6 11. d4 cxd3 12. Qxe6 Bxe6 13. Bxd3 Nc6 14. Nbd2 0-0-0 15. Be4 Bd5 16. a4 Bxe4 17. Nxe4 e5 18. Ke2 Be7 19. g4 Rd5 20. b3 Rhd8 21. Be3 R5d7 22. c4 Kb8 23. Bxb6 axb6 24. Rhd1 Bc5 25. Rxd7 Rxd7 26. Nc3 Nb4 27. Rd1 Rxd1 28. Nxd1 Kc7 29. Nc3 Kd7 30. Ne1 Ke6 31. Nd3 Nxd3 32. Kxd3 Bxf2 33. Nd5 g6 34. b4 f5 35. Ke2 Bd4 36. gxf5+ gxf5 37. Nc7+ Kf6 38. Ne8+ Kg5 39. Nd6 e4 40. a5 bxa5 41. bxa5 Kf6 42. c5 Bxc5 43. Nxb7 Ba7 44. Nd6 Kg5 1/2-1/2